Beijing +10 report : (Record no. 192)

MARC details
000 -LEADER
fixed length control field 01318cam a22003377a 4500
001 - CONTROL NUMBER
control field 14456697
003 - CONTROL NUMBER IDENTIFIER
control field OSt
005 - DATE AND TIME OF LATEST TRANSACTION
control field 20230602151743.0
008 - FIXED-LENGTH DATA ELEMENTS--GENERAL INFORMATION
fixed length control field 060718s2005 sa ac s f000 0 eng d
010 ## - LIBRARY OF CONGRESS CONTROL NUMBER
LC control number 2006432223
020 ## - INTERNATIONAL STANDARD BOOK NUMBER
International Standard Book Number 0621360996
040 ## - CATALOGING SOURCE
Original cataloging agency Z@L
Transcribing agency Z@L
Modifying agency DLC
046 ## - SPECIAL CODED DATES
Type of date code f-sa---
082 00 - DEWEY DECIMAL CLASSIFICATION NUMBER
Classification number 305
Edition number 22
Item number BEI
086 ## - GOVERNMENT DOCUMENT CLASSIFICATION NUMBER
Classification number 171/2005
Number source z
245 00 - TITLE STATEMENT
Title Beijing +10 report :
Remainder of title progress report on the implementation of the Beijing platform for action /
Statement of responsibility, etc. The Presidency, Republic of South Africa.
246 3# - VARYING FORM OF TITLE
Title proper/short title Beijing plus ten report :
Remainder of title progress report on the implementation of the Beijing platform for action
260 ## - PUBLICATION, DISTRIBUTION, ETC. (IMPRINT)
Place of publication, distribution, etc. Pretoria :
Name of publisher, distributor, etc. Office on the Status of Women, The Presidency,
Date of publication, distribution, etc. [2005?]
300 ## - PHYSICAL DESCRIPTION
Extent xiv, 142 p. :
Other physical details ill., 1 port. ;
Dimensions 30 cm.
500 ## - GENERAL NOTE
General note Title from cover.
650 #0 - SUBJECT ADDED ENTRY--TOPICAL TERM
Topical term or geographic name as entry element Women
Geographic subdivision South Africa
General subdivision Social conditions.
650 #0 - SUBJECT ADDED ENTRY--TOPICAL TERM
Topical term or geographic name as entry element Women
General subdivision Legal status, laws, etc.
Geographic subdivision South Africa.
650 #0 - SUBJECT ADDED ENTRY--TOPICAL TERM
Topical term or geographic name as entry element Equality before the law
Geographic subdivision South Africa.
650 #0 - SUBJECT ADDED ENTRY--TOPICAL TERM
Topical term or geographic name as entry element Women's rights
Geographic subdivision South Africa.
710 1# - ADDED ENTRY--CORPORATE NAME
Corporate name or jurisdiction name as entry element South Africa.
Subordinate unit Presidency.
710 1# - ADDED ENTRY--CORPORATE NAME
Corporate name or jurisdiction name as entry element South Africa.
Subordinate unit Office on the Status of Women.
906 ## - LOCAL DATA ELEMENT F, LDF (RLIN)
a 7
b cbc
c copycat
d 2
e ncip
f 20
g y-gencatlg
942 ## - ADDED ENTRY ELEMENTS (KOHA)
Source of classification or shelving scheme Dewey Decimal Classification
Koha item type Books
Holdings
Withdrawn status Lost status Source of classification or shelving scheme Damaged status Not for loan Home library Current library Date acquired Total Checkouts Full call number Barcode Date last seen Price effective from Koha item type
    Dewey Decimal Classification     Bunge Tower Library Bunge Tower Library 06/02/2023   305 BEI 10015653 06/02/2023 06/02/2023 Books
LIBRARY OPENING HOURS

When the Parliament is sitting: 8.00a.m - 7.00p.m or until the house adjourns
Mondays and Fridays and when the House is on Recess:  8.00a.m - 5.00p.m
Closed on Weekends and Public Holidays

Online Public Access Catalog (OPAC)
Website: http://www.parliament.go.ke
Bunge Library: https://libraryir.parliament.go.ke
Contact: library@parliament.go.ke | Tel no: (254-2)2221291 or 2848000 Ext 5043